Desarrollo de curvass de deterioro para la red vial cantonal en pavimentos flexibles
में बचाया:
| मुख्य लेखक: | |
|---|---|
| स्वरूप: | पुस्तक |
| भाषा: | Spanish |
| प्रकाशित: |
[San José], Costa Rica
2015
|
| विषय: |
PAVIMENTOS
> CARRETERAS - EVALUACION - COSTA RICA
> PAVIMENTOS DE ASFALTO - EVALUACION - COSTA RICA
> DETERIORACION DE CARRETERAS - COSTA RICA
> CARRETERAS - MANTENIMIENTO Y REPARACION - COSTA RICA
> DETERIORACION DE CARRETERAS - METODOS ESTADISTICOS - COSTA RICA
> INGENIERÍA DE CARRETERAS - COSTA RICA
|
| टैग: |
टैग जोड़ें
कोई टैग नहीं, इस रिकॉर्ड को टैग करने वाले पहले व्यक्ति बनें!
|
MARC
| LEADER | 00000nam a22000007a 4500 | ||
|---|---|---|---|
| 003 | 012336 | ||
| 005 | 20221231144042.0 | ||
| 008 | 160304b2015 cr a|||| |||| 00| ||spa d | ||
| 040 | |c cru CEDI | ||
| 090 | |a TFG 7500 | ||
| 100 | |9 3380 |a Picado Muñoz, Greivin | ||
| 245 | |a Desarrollo de curvass de deterioro para la red vial cantonal en pavimentos flexibles | ||
| 260 | |a [San José], Costa Rica |c 2015 | ||
| 500 | |a Proyecto de graduación (licenciatura en ingeniería civil)--Universidad de Costa Rica. Facultad de Ingeniería. Escuela de Ingeniería Civil | ||
| 650 | |x PAVIMENTOS |x CARRETERAS - EVALUACION - COSTA RICA |x PAVIMENTOS DE ASFALTO - EVALUACION - COSTA RICA |x DETERIORACION DE CARRETERAS - COSTA RICA |x CARRETERAS - MANTENIMIENTO Y REPARACION - COSTA RICA |x DETERIORACION DE CARRETERAS - METODOS ESTADISTICOS - COSTA RICA |x INGENIERÍA DE CARRETERAS - COSTA RICA |9 3382 | ||
| 942 | |c TFG | ||
| 999 | |c 16183 |d 16183 | ||
